000 00442nam a2200133Ia 4500
008 180305s9999 xx 000 0 und d
020 _aCare of the Childbearing & Childrearing Family
100 _aPillitteri, Adele
245 _cAdele Pillitteri
_aMaternal & Child Health Nursing:
_bCare of the Childbearing & Childrearing Family/
250 _a6th ed.
260 _aUSA
_bC&E Pub. INC
_c2009
300 _axiii, 1778 pages
440 _vVol 1
999 _c356033
_d356033